Rob's General Knowledge - Multiple Choice #6 - Statistics

General Stats
  • This quiz has been taken 33 times
  • The average score is 7 of 20
Answer Stats
Question Answer % Correct
Where would you find the digitus minimus manus? The hand
75%
Which sportswear brand takes its name from a type of African antelope? Reebok
63%
Carl Bernstein and Bob Woodward broke the story of the Watergate Scandal while working for which major newspaper? The Washington Post
63%
Which of the following is NOT a sub-genre of rap? Bebop
50%
Bossa nova music originated in which country? Brazil
50%
Breaking Bad is primarily set in which US State? New Mexico
50%
Carpal tunnel syndrome affects which area of the body? Wrist
50%
Which of the following country names would score the highest in Scrabble? Zambia
50%
Which of the following historical figures did NOT work as a lawyer? Martin Luther King Jr.
38%
Tok Pisin is a creole language spoken in which country? Papua New Guinea
38%
Who was the first Prime Minister of the United Kingdom from the Labour Party? Ramsay MacDonald
38%
In the Harry Potter books, Cho Chang is a member of which Hogwarts house? Ravenclaw
38%
What is the total internal angle of a hexagon? 720°
25%
The first Winter Olympic Games were staged at which ski resort? Chamonix, France
25%
Which recurring character in the James Bond movies has been variously played by Jack Lord, David Hedison and Jeffrey Wright? Felix Leiter
25%
Which of the following animals does NOT appear on Francisco Goya's etching 'The Sleep of Reason Produces Monsters'? Snake
25%
The headquarters of the African Union can be found in which capital? Addis Ababa
13%
Which is the northernmost county of mainland England? Northumberland
13%
Hong Kong and Macau lie on the mouth of which major Chinese river? Pearl
13%
Donald Trump won the 1991 Razzie Award for Worst Actor for his cameo role in which movie? Ghosts Can't Do It
0%
No matching quizzes found
Score Distribution
Percent of People with Each Score
Percentile by Number Answered
Your Score History
You have not taken this quiz